आदर्श पंचायती राज / (Record no. 140622)
[ view plain ]
| 000 -LEADER | |
|---|---|
| fixed length control field | 00625nam a22001457a 4500 |
| 005 - DATE AND TIME OF LATEST TRANSACTION | |
| control field | 20170531144451.0 |
| 008 - FIXED-LENGTH DATA ELEMENTS--GENERAL INFORMATION | |
| fixed length control field | 170531b xxu||||| |||| 00| 0 hin d |
| 245 ## - TITLE STATEMENT | |
| Title | आदर्श पंचायती राज / |
| Statement of responsibility, etc | अशाेक पंंडित द्वारा संपादित |
| 260 ## - PUBLICATION, DISTRIBUTION, ETC. (IMPRINT) | |
| Place of publication, distribution, etc | नई दिल्ली |
| Name of publisher, distributor, etc | अशाेक पंंडित |
| 300 ## - PHYSICAL DESCRIPTION | |
| Extent | खण्ड |
| Dimensions | 28 सेमी |
| 310 ## - CURRENT PUBLICATION FREQUENCY | |
| Current publication frequency | मासिक |
| 700 ## - ADDED ENTRY--PERSONAL NAME | |
| 9 (RLIN) | 43125 |
| 270 ## - ADDRESS | |
| Address | एस-1,सुरज नगर आजाद पुर, |
| City | नई दिल्ली |
| Postal code | 110033 |
| Telephone number | 011-27681223 |
| 942 ## - ADDED ENTRY ELEMENTS (KOHA) | |
| Source of classification or shelving scheme | Dewey Decimal Classification |
| Item type | Periodicals |
| Serial record | 1 |
| Call number suffix | आदर्श |
| Withdrawn status | Lost status | Source of classification or shelving scheme | Damaged status | Not for loan | Collection code | Home library | Current library | Date acquired | Source of acquisition | Total Checkouts | Full call number | Date last seen | Price effective from | Koha item type |
|---|---|---|---|---|---|---|---|---|---|---|---|---|---|---|
| Dewey Decimal Classification | Not For Loan | Non-fiction | D.B.Act.Division | D.B.Act.Division | 31/05/2017 | DBAD/PUB | आदर्श | 31/05/2017 | 31/05/2017 | Periodicals |
